00990nam a22001577a 450000500170000000800410001702000180005805000180007610000030009424500450009725000070014226000470014930000250019650000190022150505920024020240807135148.0240807b ||||| |||| 00| 0 eng d a9781854318176 aKF30.W388(2e)  aLearning texts: law of trust/cGary Watt a2e aNottinghambBlackstone pres limited,c1998 axxvi,446 p.:c29.2cm aIncludes index aContents: Introduction to equity and trust -- Understanding trusts -- Capacity and formality requirements -- Certainty requirements -- The constitution of trusts -- Perpetuities and public policy limitations on the foundation of trusts -- Purpose trusts -- Charitable trusts -- Variation of trusts -- Trustee appointment -- The nature of trusteeship -- Trustees' duties -- Maintenance and advancement -- Investments -- Breach of trust: defenses and relief -- Resulting and constructive trusts -- Informal trust of land -- Tracing -- The equitable liability of strangers to their trust.